Studies in Whitehead's philosophy / (Record no. 31810)
[ view plain ]
| 000 -LEADER | |
|---|---|
| fixed length control field | 00834nam a2200265 a 4500 |
| 001 - CONTROL NUMBER | |
| control field | 31810 |
| 003 - CONTROL NUMBER IDENTIFIER | |
| rucl marc code | BD-RjUL |
| 005 - DATE AND TIME OF LATEST TRANSACTION | |
| control field | 20211209051742.0 |
| 008 - FIXED-LENGTH DATA ELEMENTS--GENERAL INFORMATION | |
| fixed length control field | 140422s1961 lau 000 0 eng d |
| 035 ## - SYSTEM CONTROL NUMBER | |
| System control number | OCLC 1728214 from rajwo5 |
| -- | (BD-RjUL)31898 |
| 040 ## - CATALOGING SOURCE | |
| Original cataloging agency | NVS |
| Transcribing agency | NVS |
| Modifying agency | m.c. |
| -- | BD-RjUL |
| Language of cataloging | eng |
| 041 ## - LANGUAGE CODE | |
| Language code of text/sound track or separate title | eng |
| 082 ## - DEWEY DECIMAL CLASSIFICATION NUMBER | |
| Classification number | 192 |
| Author mark and year | STU 1961 |
| 090 ## - LOCALLY ASSIGNED LC-TYPE CALL NUMBER (OCLC); LOCAL CALL NUMBER (OCLC) | |
| Classification number (OCLC) (R) ; Classification number, CALL (RLIN) (NR) | B1674.W354 |
| Local cutter number (OCLC) ; Book number/undivided call number, CALL (RLIN) | S8 |
| 245 00 - TITLE STATEMENT | |
| Title | Studies in Whitehead's philosophy / |
| Number of part/section of a work | Volume X |
| 260 ## - PUBLICATION, DISTRIBUTION, ETC. (IMPRINT) | |
| Place of publication, distribution, etc. | Netherlands : |
| Name of publisher, distributor, etc. | Tulane University, |
| Date of publication, distribution, etc. | 1961. |
| 300 ## - PHYSICAL DESCRIPTION | |
| Pagination | [6] 113 p. ; |
| Size | 24 cm |
| 490 ## - SERIES STATEMENT | |
| Series statement | Tulane Studies in Philosophy |
| Volume/sequential designation | 10 |
| 504 ## - BIBLIOGRAPHY, ETC. NOTE | |
| Bibliography, etc | Includes bibliographical references. |
| 600 10 - SUBJECT ADDED ENTRY--PERSONAL NAME | |
| Personal name | Whitehead, Alfred North, |
| Dates associated with a name | 1861-1947. |
| 650 ## - SUBJECT ADDED ENTRY--TOPICAL TERM | |
| Topical term or geographic name as entry element | Whitehead, Alfred North, |
| 9 (RLIN) | 96834 |
| 830 #0 - SERIES ADDED ENTRY--UNIFORM TITLE | |
| Volume number/sequential designation | v.10 |
| Uniform title | Tulane studies in philosophy ; |
| 942 ## - ADDED ENTRY ELEMENTS (KOHA) | |
| Source of classification or shelving scheme | Dewey Decimal Classification |
| Koha item type | Books |
| Lost status | Source of classification or shelving scheme | Damaged status | Not for loan | Collection code | Permanent Location | Current Location | Shelving location | Date acquired | Source of acquisition | Cost, normal purchase price | Total Checkouts | Full call number | Date last seen | Copy number | Koha item type |
|---|---|---|---|---|---|---|---|---|---|---|---|---|---|---|---|
| Dewey Decimal Classification | Not For Loan | Non-fiction | Central Library, University of Rajshahi | Central Library, University of Rajshahi | Reading Room | 07/11/1967 | Sweets & Zeitlinger | 15.00 | 192 STU 1961 | 22/04/2014 | C-1 | Books | |||
| Dewey Decimal Classification | Non-fiction | Central Library, University of Rajshahi | Central Library, University of Rajshahi | 27/12/1968 | Zeitlinger | 243.00 | 192 STU 1961 | 22/04/2014 | C-6 | Books | |||||
| Dewey Decimal Classification | Non-fiction | Central Library, University of Rajshahi | Central Library, University of Rajshahi | 27/12/1968 | Zeitlinger | 15.00 | 192 STU 1961 | 22/04/2014 | C-3 | Books | |||||
| Dewey Decimal Classification | Non-fiction | Central Library, University of Rajshahi | Central Library, University of Rajshahi | 27/12/1968 | Zeitlinger | 15.00 | 192 STU 1961 | 22/04/2014 | C-5 | Books | |||||
| Dewey Decimal Classification | Non-fiction | Central Library, University of Rajshahi | Central Library, University of Rajshahi | 25/11/1967 | switch and zethinger | 15.00 | 192 STU 1961 | 23/04/2014 | C-4 | Books | |||||
| Dewey Decimal Classification | Non-fiction | Central Library, University of Rajshahi | Central Library, University of Rajshahi | 25/11/1967 | swits and zethinger | 15.00 | 192 STU 1961 | 23/04/2014 | C-2 | Books |